000 00306nam a2200121Ia 4500
008 190905s9999||||xx |||||||||||||| ||und||
020 _a978-93-530-6129-6
100 _aPradeep Sharma
245 0 _aGAT previous year's solved question papers
260 _aIndia
_bPearson
_c2018
300 _a550
942 _cBK
999 _c5829
_d5829